ბათუმის შოთა რუსთაველის სახელმწიფო უნივერსიტეტის ბიბლიოთეკა

საქართველოს ეკონომიკა. №7-8(184-185). 2013. (ბიბ.ჩანაწერი № 41014)

000 -LEADER
fixed length control field 00509nam a2200157Ia 4500
001 - CONTROL NUMBER
control field 7662
003 - CONTROL NUMBER IDENTIFIER
control field GE_BSU
008 - FIXED-LENGTH DATA ELEMENTS--GENERAL INFORMATION
fixed length control field 181216s||||||||xx |||||||||||||| ||und||
040 ## - CATALOGING SOURCE
Transcribing agency GE_BSU
245 ## - TITLE STATEMENT
Title საქართველოს ეკონომიკა. №7-8(184-185). 2013.
245 ## - TITLE STATEMENT
Remainder of title სამეცნიერო-ანალიტიკური ჟურნალი
260 ## - PUBLICATION, DISTRIBUTION, ETC.
Place of publication, distribution, etc. თბილისი.
300 ## - PHYSICAL DESCRIPTION
Extent 86გვ;27სმ.
653 ## - INDEX TERM--UNCONTROLLED
Uncontrolled term პერიოდიკა
942 ## - ADDED ENTRY ELEMENTS (KOHA)
Koha item type პერიოდიკა
ეგზემპლარები
Withdrawn status Lost status Damaged status Not for loan Date acquired Barcode Date last seen Price effective from Koha item type
        2018-12-17 p75773 2018-12-17 2018-12-17 პერიოდიკა